Statistics for U.S. States with M in their name

Click here to take the quiz!

General Stats

  • This quiz has been taken 42 times
  • The average score is 12 of 14

Answer Stats

# of M'sAnswer% Correct
1Mississippi
95%
1New Mexico
93%
1Minnesota
90%
1Maine
88%
1Maryland
85%
1Alabama
83%
1Michigan
83%
1Missouri
83%
1New Hampshire
83%
1Massachusetts
80%
1Montana
80%
1Oklahoma
78%
1Vermont
78%
1Wyoming
75%

Score Distribution

Percentile by Number Answered

Percent of People with Each Score

Your Score History

You have not taken this quiz